កសិរុក្ខកម្ម (Record no. 9164)

000 -LEADER
fixed length control field 00273nam a22001217a 4500
040 ## - CATALOGING SOURCE
Transcribing agency SY
082 ## - DEWEY DECIMAL CLASSIFICATION NUMBER
Classification number 494
100 ## - MAIN ENTRY--AUTHOR NAME
Personal name VON MONIN; វន មុនិន្ទ
245 ## - TITLE STATEMENT
Title កសិរុក្ខកម្ម
260 ## - PUBLICATION, DISTRIBUTION, ETC. (IMPRINT)
Place of publication RUA
Name of publisher VON
Year of publication 2007
300 ## - PHYSICAL DESCRIPTION
Number of Pages 115p.
942 ## - ADDED ENTRY ELEMENTS (KOHA)
Koha item type សៀវភៅភាសាខ្មែរ
952 ## - LOCATION AND ITEM INFORMATION (KOHA)
Withdrawn status [LOCAL, KOHA] 0
952 ## - LOCATION AND ITEM INFORMATION (KOHA)
Withdrawn status [LOCAL, KOHA] 0
Holdings
Permanent Location Date acquired Koha item type Lost status Barcode Shelving location Current Location Full call number
Library Block C2016-08-25សៀវភៅភាសាខ្មែរ  RUA045923 Library Block C494 VON 2007 C185
Library Block C2016-09-01សៀវភៅភាសាខ្មែរ RUA41735C257Library Block C494 VON 2007 C257
មជ្ឈមណ្ឌលឯការនៃសាកលវិទ្យាល័យភូមិន្ទកសិកម្មចំការដូង

Powered by Koha